00836nam a2200205 a 450000100100000000500170001000800410002704000250006808200160009310000160010924000590012524501670018426000650035130000210041650000320043750000180046950000760048750400320056370000350059500003943120201002031639.0130627s1962 ag 000 0 spa d aDO-SdBNPbspacBNPHU axxxxbL987a1 aLynch, John10aSpanish colonial administraction 1782-1810.lEspañol10aAdministración colonial española 1782-1810 :bel sistema de intendencias en el virreinato del rio de la plata /cJohn Lynch ; traductor Germán O. E. Tjares. aArgentina :bEditorial Universitaria de Buenos Aires,c1962. a311 p. ;c24 cm. aIncluye índice de nombres aIncluye notas aPerteneció a la biblioteca personal de Juan Isidro Jimenes Grullón. aBibliografía : p. 295-2961 aTjares, Germán O. E.,etrad.